000 00540nam a2200229 a 4500
001 nice12345678
003 IN_TiNIC
005 20260116011824.0
008 070629s1965 hyda grp 000 0 eng
020 _a
_c100
082 0 0 _a297.831
_bMAH4
100 _aMahmood, Abu Syead
245 _aHiadayat-Ut-taqawa
260 _aHyderabad
_bNo Publisher
_c1965
300 _a37p
500 _aincludes index and biblioraphy
650 _aMahdavia
700 1 _aMahmood, Abu Syead
902 _bSRS
942 _cBK
999 _c4210
_d4210